Monetary theories and financial markets (Record no. 5653)
[ view plain ]
| 000 -LEADER | |
|---|---|
| fixed length control field | 00634cam a2200229ua 4500 |
| 008 - FIXED-LENGTH DATA ELEMENTS--GENERAL INFORMATION | |
| fixed length control field | 180419n ii |||gr||||Z||||||eng |
| 020 ## - INTERNATIONAL STANDARD BOOK NUMBER | |
| International Standard Book Number | 8-18-686009-6 |
| 040 ## - CATALOGING SOURCE | |
| Transcribing agency | MAIN |
| 041 ## - LANGUAGE CODE | |
| -- | eng |
| 082 ## - DEWEY DECIMAL CLASSIFICATION NUMBER | |
| Classification number | 332.46 |
| 245 ## - TITLE STATEMENT | |
| Title | Monetary theories and financial markets |
| Statement of responsibility, etc. | By Ashwini Machey |
| 250 ## - EDITION STATEMENT | |
| Edition statement | 1st ed. |
| 260 ## - PUBLICATION, DISTRIBUTION, ETC. | |
| Place of publication, distribution, etc. | Dibrugarh: |
| Name of publisher, distributor, etc. | N.L. publishers, |
| Date of publication, distribution, etc. | 2013. |
| 300 ## - PHYSICAL DESCRIPTION | |
| Extent | x,128p. |
| 700 ## - ADDED ENTRY--PERSONAL NAME | |
| Personal name | Machey, Ashwini, |
| Relator term | |
| 700 ## - ADDED ENTRY--PERSONAL NAME | |
| Personal name | Machey,Jhorna sharma, |
| Relator term | |
| 700 ## - ADDED ENTRY--PERSONAL NAME | |
| Personal name | Bharali,Priyanka, |
| Relator term | |
| 942 ## - ADDED ENTRY ELEMENTS (KOHA) | |
| Koha item type | Books |
| 653 ## - INDEX TERM--UNCONTROLLED | |
| Uncontrolled term | Financial economics |
| 653 ## - INDEX TERM--UNCONTROLLED | |
| Uncontrolled term | Monetary theories and financial markets |
| Withdrawn status | Lost status | Damaged status | Not for loan | Home library | Current library | Shelving location | Date acquired | Total Checkouts | Full call number | Barcode | Date last seen | Date last checked out | Copy number | Price effective from | Koha item type |
|---|---|---|---|---|---|---|---|---|---|---|---|---|---|---|---|
| Naharkatiya College Library | Naharkatiya College Library | General Stacks | 19/09/2020 | 1 | 332.46 | MAC | 22198 | 11/09/2023 | 24/08/2023 | 2 | 19/09/2020 | Books | ||||
| Naharkatiya College Library | Naharkatiya College Library | General Stacks | 19/09/2020 | 2 | 332.46 | MAC | 22199 | 26/09/2023 | 12/09/2023 | 5 | 19/09/2020 | Books | ||||
| Naharkatiya College Library | Naharkatiya College Library | General Stacks | 19/09/2020 | 3 | 332.46 | MAC | 22200 | 27/11/2024 | 21/10/2024 | 1 | 19/09/2020 | Books | ||||
| Naharkatiya College Library | Naharkatiya College Library | General Stacks | 19/09/2020 | 6 | 332.46 | MAC | 23895 | 29/11/2023 | 10/11/2023 | 4 | 19/09/2020 | Books | ||||
| Naharkatiya College Library | Naharkatiya College Library | General Stacks | 19/09/2020 | 8 | 332.46 | MAC | 23896 | 13/09/2023 | 18/08/2023 | 3 | 19/09/2020 | Books |
